000 00709nam a22001577a 4500
003 OSt
005 20150917154433.0
008 150917b xxu||||| |||| 00| 0 eng d
040 _cRUA
082 _aAGR LIM 2001 B026 Or.1
100 _9695
_aLIM, SOKUNDARUN.
245 _aImpact of agicultural extension led by farmer association makak commune ounsnol district, kandal province ការសាយភាយ និងការទទួលយកគំនិតថ្មីតាមរយៈសមាគមកសិករឃុំម្កាក់ ស្រុកអង្គស្នួល ខេត្តកណ្តាល
260 _aPhnom Penh
_bRUA
_c2001
300 _a49p.
_bill.
_c29cm.
942 _2ddc
_cAGR
999 _c669
_d669